Fuzzy equational logic

Main Author: Belohlavek, Radim (Author)
Other Authors: Vychodil, Vilem
Series:Studies in fuzziness and soft computing
Subjects:
LEADER 00886cam a2200277 7i4500
001 0000051493
005 20220814090000.0
008 070912s2005 nyu eng
020 # # |a 3540262547  
020 # # |a 9783540262541  
090 0 0 |a QA 9.64   |b .B4 2005 
100 1 # |a Belohlavek, Radim   |e author  
245 1 0 |a Fuzzy equational logic   |c Radim Belohlavek, Vilem Vychodil. 
264 # 0 |a New York:   |b Springer,   |c 2005 
264 # 0 |c ♭2005 
300 # # |a xii, 283 p.:   |b ill.;   |c 24 cm. 
336 # # |a text --   |2 rdacontent 
337 # # |a unmediated --   |2 rdamedia 
338 # # |a volume --   |2 rdacarrier 
490 1 # |a Studies in fuzziness and soft computing;   |v 186 
650 0 0 |a Fuzzy sets  
650 0 0 |a Algebra, Universal  
650 0 0 |a Fuzzy logic  
700 1 # |a Vychodil, Vilem  
830 # 0 |a Studies in fuzziness and soft computing 
999 |a 1100047902  |b Book  |c Open Shelf  |e KOLEKSI TERBUKA